NFL Nicknames - Statistics

General Stats
  • This quiz has been taken 38 times
  • The average score is 6 of 30
Answer Stats
Hint Answer % Correct
Johnny Football Johnny Manziel
80%
The Refrigerator William Perry
57%
Too Tall Ed Jones
49%
Sweetness Walter Payton
49%
Honey Badger Tyrann Mathieu
43%
The Nigerian Nightmare Christian Okoye
40%
Manster Randy White
37%
The Minister of Defense Reggie White
37%
Gunslinger Brett Favre
31%
The Galloping Ghost Red Grange
17%
Crazy Legs Elroy Hirsch
14%
Predator Chase Young
11%
Run DMC Darren McFadden
11%
The Mad Bomber Daryle Lamonica
11%
The Kansas Comet Gale Sayers
11%
Bullet Bob Hayes
9%
The Alabama Antelope Don Hutson
9%
Pillsbury Throwboy Jared Lorenzen
9%
The Human Joystick Dante Hall
6%
The Inconvenient Truth Frank Gore
6%
The Throwin' Samoan Jack Thompson
6%
The Playmaker Michael Irving
6%
Lights Out Shawne Merriman
6%
Dr. Death Skip Thomas
6%
The Mad Stork Ted Hendricks
6%
The Freezer B.J. Raji
3%
Tyler Rose Earl Campbell
3%
George Pickens Kevin Saccomen
3%
Bambi Lance Alworth
3%
The Enforcer Kenny Easley
0%
No matching quizzes found
Score Distribution
Percent of People with Each Score
Percentile by Number Answered
Your Score History
You have not taken this quiz